Silke on South African Income Tax : (Record no. 773)

MARC details
000 -LEADER
fixed length control field 00655nam a22001817a 4500
005 - DATE AND TIME OF INPUT
control field 20231117134658.0
008 - DATA ELEMENTS--GENERAL INFORMATION
fixed length control field 231117b |||||||| |||| 00| 0 eng d
020 ## - INTERNATIONAL STANDARD BOOK NUMBER
International Standard Book Number 9780409116663
041 ## - LANGUAGE CODE
Language code of text English
082 ## - SHELF NUMBER
DDC number 343.4 SIL
100 ## - MAIN AUTHOR
Main author's name de Koker, A and Williams, RC
Language of a work English
245 ## - TITLE STATEMENT
Title Silke on South African Income Tax :
Sub-title Being an exposition of the Law, Practice and Incidence of Income Tax in South Africa /
Statement of responsibility, etc. A de Koker and RC Williams
250 ## - EDITION STATEMENT
Edition statement Memorial Edition
260 ## - PUBLICATION, DISTRIBUTION, ETC.
Place of publication, distribution, etc. Durban :
Name of publisher, distributor, etc. LexisNexis (Pty) Ltd,
Date of publication, distribution, etc. 1995
300 ## - PHYSICAL DESCRIPTION
Other physical details cxli,
Dimensions 27 cm.
650 ## - SUBJECT`
Broad subject Legal practice
Own subject terms Law
942 ## - ADDED ENTRY ELEMENTS (KOHA)
Item type Books
942 ## - ADDED ENTRY ELEMENTS (KOHA)
-- ALISON_BN_VRIES
Holdings
Source of classification or shelving scheme Volume number (bound volume or other part) Not for loan Collection code Home library Current library Shelving location Date acquired Full call number Barcode Price effective from Koha item type
Dewey Decimal Classification Volume 1   TEXT BOOKS LAW SOCIETY OF NAMIBIA LIBRARY - WINDHOEK LAW SOCIETY OF NAMIBIA LIBRARY - WINDHOEK Income tax reporter (tax) 11/17/2023 343.4 SIL LSN/1993/67 11/17/2023 Books
Dewey Decimal Classification Volume 2   TEXT BOOKS LAW SOCIETY OF NAMIBIA LIBRARY - WINDHOEK LAW SOCIETY OF NAMIBIA LIBRARY - WINDHOEK Income tax reporter (tax) 11/17/2023 343.4 SIL LSN/1993/68 11/17/2023 Books
Dewey Decimal Classification Volume 3   TEXT BOOKS LAW SOCIETY OF NAMIBIA LIBRARY - WINDHOEK LAW SOCIETY OF NAMIBIA LIBRARY - WINDHOEK Income tax reporter (tax) 11/17/2023 343.4 SIL LSN/1996/30 11/17/2023 Books
Dewey Decimal Classification Volume 4   TEXT BOOKS LAW SOCIETY OF NAMIBIA LIBRARY - WINDHOEK LAW SOCIETY OF NAMIBIA LIBRARY - WINDHOEK Income tax reporter (tax) 11/17/2023 343.4 SIL LSN/2002/3 11/17/2023 Books